Бизнес-план. Как развернуть собственное дело

Dades bibliogràfiques
Autor principal: Уткин Э. А. Эдуард Андреевич
Altres autors: Кочеткова А. И. Александра Игоревна
Sumari:Исключено из фонда НТБ ТПУ
Idioma:rus
Publicat: Москва, Акалис, 1996
Format: Llibre
KOHA link:https://koha.lib.tpu.ru/cgi-bin/koha/opac-detail.pl?biblionumber=3545

MARC

LEADER 00000nam0a2200000 4500
001 3545
005 20231030174614.0
010 |a 5862750347 
035 |a (RuTPU)RU\TPU\book\3564 
035 |a BOOK00003572 
090 |a 3545 
100 |a 20011209d1996 m y0rusy50 ca 
101 0 |a rus 
102 |a RU 
105 |a y z 000zy 
200 1 |a Бизнес-план. Как развернуть собственное дело  |f Э. А. Уткин, А. И. Кочеткова 
210 |a Москва  |c Акалис  |d 1996 
215 |a 175 с. 
333 |a Исключено из фонда НТБ ТПУ 
700 1 |a Уткин  |b Э. А.  |g Эдуард Андреевич 
701 1 |a Кочеткова  |b А. И.  |g Александра Игоревна 
801 0 |a RU  |b 63413507  |c 20011209  |g PSBO 
801 2 |a RU  |b 63413507  |c 20211015  |g PSBO 
942 |c BK